000 00786nam a2200205 i 4500
001 170797
003 ES-MaACL
005 20250808062744.0
008 090407s1954 sp |||| | spa d
100 0 _aAlfonso María de Ligorio
_cSanto.
_919867
245 1 0 _aObras Ascéticas de San Alfonso María de Ligorio.
_nII,
_pDedicado al clero en particular /
_cintroducción, selección, versión del italiano, notas e índices de Andrés Goy.
250 _aEd. crítica.
260 _aMadrid :
_bLa Editorial Católica,
_c1954.
300 _aXXIV, 941 p. ;
_c20 cm.
490 1 _aBiblioteca de autores cristianos ;
_v113
700 0 _aGoy, Andrés.
_959388
830 0 0 _aBiblioteca de autores cristianos
_v113
_9178679
852 _aES-MaACL
_jJ-111
_9R.46092
999 _c170797
_d170797